| 000 | 00795nam a2200253Ia 4500 | ||
|---|---|---|---|
| 003 | OSt | ||
| 005 | 20221005080742.0 | ||
| 006 | a|||||r|||| 00| 0 | ||
| 007 | ta | ||
| 008 | 221004b |||||||| |||| 00| 0 eng d | ||
| 020 |
_a9789382252818 (hbk) _cINR 990.00 |
||
| 024 | _a65532 | ||
| 037 |
_b292, 27/01/2020, Eastern Book Linkers _cTextual |
||
| 040 |
_aCRL _cCRL _beng |
||
| 041 |
_2eng _aeng |
||
| 082 | _aV2y7M91:g, Q8 | ||
| 100 |
_aThakur Rupal G. Au. _9610616 |
||
| 245 | 0 | _aAmbedkar and dalit movement | |
| 260 |
_aNew Delhi _bPacific Books International India _c2018 |
||
| 300 |
_a272p. _ccm. |
||
| 650 |
_aAMBEDKAR, BHIM RAO _940309 |
||
| 942 |
_hV2y7M91:g, Q8 _cTEXL _2cc |
||
| 999 |
_c986666 _d986666 |
||